[Event "LAT-chW 2020"]
[Site "Riga"]
[Date "2020.08.30"]
[Round "9.1"]
[White "Golsta, Ramona"]
[Black "Rogule, Laura"]
[Result "1/2-1/2"]
[WhiteElo "1708"]
[BlackElo "2297"]
[Annotator "TA"]
[PlyCount "42"]
[EventDate "2020.08.24"]
[EventType "swiss"]
[EventCountry "LAT"]
[SourceTitle "playchess.com"]
[Source "ChessBase"]
[SourceQuality "1"]

{[%evp 15,42,0,10,-12,-16,-12,-4,-30,14,-37,-33,-60,-56,-93,-80,-106,-121,-113,-83,-80,-51,-77,-71,-60,-73,-201,-202,-202,-194]} 1. d4 d5 2. Nf3 Nf6 3. Bg5 Nbd7 4. e3 e6 5. Bd3 c5 6. c3 Be7 7. O-O O-O 8. Nbd2 b6 9. e4 {D03: 1 d4 d5 2 Nf3 Nf6 3 Bg5, including Torre Attack with early ...d5.} dxe4 10. Nxe4 Bb7 11. Nxf6+ {The position is equal.} Nxf6 {[#]} 12. Rc1 $146 (12. dxc5 $11 Bxc5 13. Qc2) ({Predecessor:} 12. dxc5 Bxc5 13. Qe2 Be7 14. Rad1 Nd5 15. Qe4 g6 16. Bh6 Re8 17. Bb5 Qb8 18. Bxe8 Nf6 19. Bxf7+ Kxf7 20. Ng5+ {1-0 (20) Sajn,S (2039)-Stevanic,D (1760) Ljubljana 2014}) 12... cxd4 13. cxd4 Qd6 14. Bb1 Rac8 15. Rc3 Rxc3 16. bxc3 Rc8 17. Qd3 g6 18. Ne5 Nd7 19. Bxe7 Qxe7 20. f4 {[#]} (20. Ng4 $17 {was worth a try.}) 20... Nxe5 $1 $19 21. fxe5 {[#]} Qg5 $1 {[%mdl 512] Accuracy: White = 52%, Black = 83%.} 1/2-1/2

[Event "LAT-chW 2020"]
[Site "Riga"]
[Date "2020.08.30"]
[Round "9.2"]
[White "Krumina, Linda"]
[Black "Osobskaja, Zinaida"]
[Result "1/2-1/2"]
[WhiteElo "2065"]
[BlackElo "1682"]
[Annotator "NA"]
[PlyCount "123"]
[EventDate "2020.08.24"]
[EventType "swiss"]
[EventCountry "LAT"]
[SourceTitle "playchess.com"]
[Source "ChessBase"]
[SourceQuality "1"]
[TimeControl "5400+30"]

{[%evp 10,90,13,8,7,8,18,15,38,23,19,15,17,13,38,3,52,0,64,67,57,55,39,-29,25,-53,52,31,34,25,58,20,45,47,57,45,38,49,48,45,48,12,9,-20,32767,32767,-23,-36,-34,-175,32767,32767,32767,32767,32767,-38,-29,-104,-30,-75,-38,32767,32767,32767,32767,32767,32767,32767,32767,-10,0,-52,3,-64,-35,-44,-32,-31,-27,-51,-21,-21,-17]} 1. Nf3 {[%emt 0:00:00]} d5 {[%emt 0:00:00]} 2. d4 {[%emt 0:00:00]} e6 {[%emt 0:00:31]} 3. e3 {[%emt 0:00:00]} Nf6 {[%emt 0:00:59]} 4. Bd3 {[%emt 0:00:04]} c5 {[%emt 0:00:29]} 5. b3 {[%emt 0:00:07]} Nc6 {[%emt 0:01:23]} 6. O-O {[%emt 0:01:55]} cxd4 {[%emt 0:03:25]} 7. exd4 {[%emt 0:00:45]} Be7 {[%emt 0:01:59] 7...g6 is a critical line.} 8. a3 {[%emt 0:03:02] D05: Colle System with ...e6.} Qc7 {[%emt 0:02:08]} 9. Re1 {[%emt 0:03:34] [#]} b6 $146 {[%emt 0:01:09]} ({Predecessor:} 9... Bd7 10. c4 h6 11. Nc3 a6 12. Bb2 O-O 13. Rc1 dxc4 14. bxc4 Qb6 15. Rb1 Qa5 {0-1 (51) Vaitonis,V (1863)-Luksas,J (1617) Vilnius 2018}) 10. Nbd2 {[%emt 0:01:19]} O-O {[%emt 0:00:57]} 11. Nf1 {[%emt 0:10:23]} Nd7 {[%emt 0:05:16]} 12. Ng3 {[%emt 0:10:06]} Re8 {[%emt 0:05:31]} 13. Ng5 {[%emt 0:08:46]} Bxg5 {[%emt 0:00:38]} ({Better is} 13... Nf6 $11) 14. Bxg5 {[%emt 0:00:02]} Bb7 {[%emt 0:00:43]} 15. Qh5 {[%emt 0:08:34]} Nf8 $1 {[%emt 0:00:25]} 16. Rad1 {[%emt 0:08:49]} (16. Be3 $14) 16... f6 {[%emt 0:00:56]} (16... Nxd4 $15 17. Be3 Nc6) 17. Bc1 {[%emt 0:01:43]} ({Better is} 17. Be3 $11) 17... Qf7 {[%emt 0:01:20]} (17... Nxd4 $15 18. Bb2 Nc6) 18. Qxf7+ {[%emt 0:07:19]} Kxf7 {[%emt 0:00:27]} 19. Be2 {[%emt 0:01:25]} a6 {[%emt 0:03:24]} 20. h4 {[%emt 0:00:35]} Rac8 {[%emt 0:01:34]} 21. h5 {[%emt 0:01:22]} Ne7 {[%emt 0:00:43]} 22. Bd3 {[%emt 0:01:01]} Nc6 {[%emt 0:01:01]} 23. Bb2 {[%emt 0:07:36]} g6 {[%emt 0:00:50]} 24. f4 {[%emt 0:02:01]} Nd7 {[%emt 0:00:42]} 25. Be2 {[%emt 0:01:05]} f5 {[%emt 0:00:28]} 26. Bf3 {[%emt 0:04:08]} Nf6 {[%emt 0:00:14]} 27. Rd2 {[%emt 0:03:54]} b5 {[%emt 0:00:35]} 28. Kf2 {[%emt 0:02:15]} Ne7 {[%emt 0:01:19]} 29. c3 {[%emt 0:04:52]} (29. hxg6+ $15 hxg6 30. Rh1) 29... a5 {[%emt 0:02:04]} 30. Be2 {[%emt 0:00:33]} Bc6 {[%emt 0:00:25]} 31. Rc2 {[%emt 0:00:28]} Bd7 {[%emt 0:00:38]} 32. Rh1 {[%emt 0:01:31]} Rh8 {[%emt 0:01:28]} 33. Rhc1 {[%emt 0:01:58]} (33. hxg6+ $11 {keeps the balance.} hxg6 34. Rcc1) 33... Rhd8 {[%emt 0:01:06]} ({Black should play} 33... a4 $17 34. b4 gxh5 35. Bxh5+ Nxh5 36. Nxh5 Rcg8) 34. Bf3 {[%emt 0:01:59]} Rc7 {[%emt 0:00:59]} 35. c4 {[%emt 0:01:56]} bxc4 {[%emt 0:00:19]} 36. bxc4 {[%emt 0:00:02]} dxc4 {[%emt 0:00:12]} 37. Rxc4 {[%emt 0:00:11]} Rxc4 {[%emt 0:00:09]} 38. Rxc4 {[%emt 0:00:06]} Rc8 {[%emt 0:00:15]} 39. Rxc8 {[%emt 0:01:42]} Nxc8 {[%emt 0:00:10]} 40. Nf1 {[%emt 0:00:29]} Nb6 {[%emt 0:00:08]} (40... Nxh5 $15 41. Bxh5 gxh5) 41. Nd2 {[%emt 0:01:08]} ({White should try} 41. hxg6+ $11 Kxg6 42. Ne3) 41... gxh5 {[%emt 0:00:50]} 42. g3 {[%emt 0:00:44]} Ng4+ {[%emt 0:01:14]} 43. Kg2 {[%emt 0:01:18]} Bb5 {[%emt 0:00:52]} 44. Nb3 {[%emt 0:00:32]} a4 $11 {[%emt 0:02:08]} 45. Nc5 {[%emt 0:00:05]} Nd5 {[%emt 0:00:42]} 46. Kh3 {[%emt 0:00:47]} Kf6 {[%emt 0:01:35]} 47. Bxd5 {[%emt 0:00:38]} exd5 {[%emt 0:00:37]} 48. Kh4 {[%emt 0:00:15]} Be8 {[%emt 0:00:52]} 49. Nd3 {[%emt 0:00:45]} Ne3 {[%emt 0:01:23]} 50. Kh3 {[%emt 0:00:31]} Ke6 {[%emt 0:01:32]} 51. Kh4 {[%emt 0:00:28]} h6 {[%emt 0:00:35]} 52. Kh3 {[%emt 0:00:34]} Kd6 {[%emt 0:00:48]} 53. Kh2 {[%emt 0:00:15]} Kc6 {[%emt 0:00:34]} 54. Kg1 {[%emt 0:00:06]} Kb5 {[%emt 0:00:52]} 55. Kf2 {[%emt 0:00:28]} Ng4+ {[%emt 0:01:03]} 56. Ke2 {[%emt 0:00:26]} Kc4 {[%emt 0:00:26]} 57. Nc5 {[%emt 0:01:04]} Nf6 {[%emt 0:00:44]} 58. Kf3 {[%emt 0:00:44]} Ne4 {[%emt 0:01:42]} 59. Nxe4 {[%emt 0:00:23]} fxe4+ {[%emt 0:01:30]} 60. Ke3 {[%emt 0:00:12]} Bd7 {[%emt 0:00:40]} 61. Bc1 {[%emt 0:00:18]} Kb3 {[%emt 0:00:22]} 62. Kd2 {[%emt 0:00:34]} 1/2-1/2

[Event "LAT-chW 2020"]
[Site "Riga"]
[Date "2020.08.30"]
[Round "9.3"]
[White "Golsta, Madara"]
[Black "Maklakova, Nellija"]
[Result "1/2-1/2"]
[WhiteElo "1889"]
[BlackElo "1833"]
[Annotator "NA"]
[PlyCount "99"]
[EventDate "2020.08.24"]
[EventType "swiss"]
[EventCountry "LAT"]
[SourceTitle "playchess.com"]
[Source "ChessBase"]
[SourceQuality "1"]
[TimeControl "5400+30"]

{[%evp 8,87,-33,-21,-27,-20,-27,-45,0,-18,-4,0,-2,-17,0,-27,35,7,25,-81,-49,-89,-75,-78,-74,-107,-100,-94,-118,-122,-121,-118,-104,32767,32767,32767,32767,32767,-159,-227,32767,-293,32767,32767,32767,32767,32767,-277,-279,-286,-290,32767,32767,32767,32767,32767,32767,32767,32767,32767,32767,32767,32767,32767,32767,32767,32767,32767,-285,-414,32767,32767,32767,32767,32767,32767,32767,32767,27,-38,-6,-7]} 1. g3 {[%emt 0:00:00]} d5 {[%emt 0:01:35]} 2. Bg2 {[%emt 0:00:00]} e5 {[%emt 0:01:35]} 3. c4 {[%emt 0:00:00]} c6 {[%emt 0:00:46]} 4. b3 {[%emt 0:02:50]} dxc4 {[%emt 0:02:20]} 5. Bb2 {[%emt 0:01:21]} cxb3 {[%emt 0:01:15]} 6. Qxb3 {[%emt 0:00:22] A20: English Opening: 1...e5.} Nd7 {[%emt 0:00:56]} 7. Nf3 {[%emt 0:01:29]} Bd6 {[%emt 0:02:48]} (7... e4 $5 {[%cal Re4f3]} 8. Nd4 Ngf6 $15) 8. O-O {[%emt 0:01:08]} Ngf6 {[%emt 0:01:35] [#]} 9. Na3 $146 {[%emt 0:03:51]} ({Predecessor:} 9. Ng5 O-O 10. Ne6 Nc5 11. Nxd8 Nxb3 12. Nxb7 Nxa1 13. Nxd6 Nc2 14. Bxe5 Nb4 15. a3 {0-1 (60) Fromm,C (2097)-Zaragatski,I (2248) Willingen 2001}) 9... O-O {[%emt 0:35:20]} 10. Nc4 {[%emt 0:01:14]} Bc7 {[%emt 0:03:13]} 11. Rfd1 {[%emt 0:16:32]} Re8 {[%emt 0:03:44]} (11... e4 $11 12. Ng5 Nc5) 12. d4 {[%emt 0:03:42]} e4 {[%emt 0:01:34]} 13. Nfe5 {[%emt 0:01:07]} (13. Ng5 $1 $11 {remains equal.} Re7 14. Qc2) 13... Qe7 {[%emt 0:02:32]} 14. Rac1 {[%emt 0:04:09]} Nb6 {[%emt 0:02:17]} 15. Ba3 {[%emt 0:22:24]} Qe6 {[%emt 0:02:19]} 16. Bb2 {[%emt 0:07:21]} Nxc4 {[%emt 0:02:32]} 17. Nxc4 {[%emt 0:00:19]} Nd5 {[%emt 0:02:52]} 18. Ba1 {[%emt 0:06:09]} Qh6 {[%emt 0:02:42]} 19. Ne5 {[%emt 0:02:13] [#]} f5 $1 {[%emt 0:10:33]} 20. Kh1 {[%emt 0:08:43]} Rb8 {[%emt 0:01:45]} 21. Qa3 {[%emt 0:04:27]} a6 {[%emt 0:00:57]} 22. Rc2 {[%emt 0:00:27]} Bd6 {[%emt 0:00:50]} 23. Qb2 {[%emt 0:00:45]} (23. Qc1 $17) 23... Be6 {[%emt 0:00:33]} 24. a3 {[%emt 0:01:56]} (24. e3 $17 {keeps fighting.}) 24... Nf6 {[%emt 0:00:33]} 25. Qc1 {[%emt 0:01:43]} Qxc1 {[%emt 0:00:34]} 26. Rdxc1 {[%emt 0:01:20]} Bxa3 {[%emt 0:00:06]} 27. Rb1 {[%emt 0:00:18]} Bd6 {[%emt 0:00:29]} 28. Rcb2 {[%emt 0:01:48]} b5 {[%emt 0:01:09]} 29. Nxc6 {[%emt 0:00:29]} Rbc8 {[%emt 0:01:25]} 30. Ne5 {[%emt 0:01:28]} Nd5 {[%emt 0:01:41]} 31. f3 {[%emt 0:00:54]} exf3 {[%emt 0:00:35]} 32. Bxf3 {[%emt 0:00:18]} Nc3 {[%emt 0:01:41]} 33. Rf1 {[%emt 0:00:26]} b4 {[%emt 0:01:16]} 34. Nc6 {[%emt 0:02:28]} Nd5 {[%emt 0:01:31]} 35. Na5 {[%emt 0:00:23]} Rc7 {[%emt 0:00:57]} 36. Kg1 {[%emt 0:00:25]} Ne3 {[%emt 0:00:20]} 37. Rfb1 {[%emt 0:00:20]} Nc4 {[%emt 0:00:59]} 38. Ra2 {[%emt 0:00:35]} (38. Nb7 $142 Be7 39. Rc2) 38... Nb6 {[%emt 0:00:42]} 39. Rab2 {[%emt 0:00:11]} Na4 {[%emt 0:00:40]} 40. Rd2 {[%emt 0:00:17]} Rec8 {[%emt 0:00:52]} 41. d5 {[%emt 0:00:31]} Bd7 {[%emt 0:00:24]} 42. Nc6 {[%emt 0:00:08]} f4 $11 {[%emt 0:03:22]} ({Reject} 42... Bxc6 $6 43. dxc6 Rxc6 44. Bd5+ Kf8 45. Bxc6 $11) (42... Nc3 $17 43. Bxc3 bxc3) 43. Ra2 {[%emt 0:02:36]} Bxc6 {[%emt 0:00:33]} 44. dxc6 {[%emt 0:00:09]} Nc5 {[%emt 0:00:53]} 45. Rxb4 {[%emt 0:00:27]} fxg3 {[%emt 0:00:02]} 46. hxg3 {[%emt 0:00:09]} Bxg3 {[%emt 0:01:35]} 47. Kg2 {[%emt 0:00:23]} Bd6 {[%emt 0:00:09]} 48. Rg4 {[%emt 0:00:35]} Kh8 {[%emt 0:01:39]} 49. Bd4 {[%emt 0:01:14]} Ne6 {[%emt 0:00:26]} 50. Rxa6 {[%emt 0:00:17]} 1/2-1/2

[Event "LAT-chW 2020"]
[Site "Riga"]
[Date "2020.08.30"]
[Round "9.4"]
[White "Kuznecova, Marija"]
[Black "Gorozhankina, Julia"]
[Result "1/2-1/2"]
[WhiteElo "1523"]
[BlackElo "2035"]
[Annotator "TA"]
[PlyCount "82"]
[EventDate "2020.08.24"]
[EventType "swiss"]
[EventCountry "LAT"]
[SourceTitle "playchess.com"]
[Source "ChessBase"]
[SourceQuality "1"]

{[%evp 12,82,16,3,39,32,54,1,21,33,32,1,35,16,15,0,17,0,0,-45,-17,-14,0,-25,0,0,0,-2,-2,-29,-28,-91,-40,-106,-106,-124,-75,-118,-81,-94,-22,-110,-123,-98,-12,-10,-9,-10,6,0,0,0,0,0,8,0,0,0,0,0,0,0,0,0,14,-4,29989,0,105,8,37,8,22]} 1. d4 Nf6 2. Nf3 g6 3. Nc3 d5 4. Bf4 Bg7 5. Qd2 Ne4 6. Nxe4 dxe4 7. Ne5 f6 {D00: 1 d4 d5: Unusual lines.} 8. Nc4 O-O 9. c3 ({White should try} 9. e3 $14) 9... Be6 10. e3 {[#]} c6 $146 ({Predecessor:} 10... Bd5 11. Na5 b6 12. c4 Bf7 13. Nb3 f5 14. g4 fxg4 15. Qc2 Nd7 16. Qxe4 e5 17. dxe5 {0-1 (46) Kogan,A (2539)-Damljanovic,B (2587) Zaragoza 2003}) 11. Be2 Nd7 12. Qc2 f5 13. a4 Kh8 14. Nd2 Bf7 15. f3 exf3 16. Nxf3 Bd5 17. O-O (17. O-O-O {feels hotter.} e5 18. Nxe5 Nxe5 19. dxe5 Qe7 20. Bf3) 17... Bxf3 18. Rxf3 e5 19. dxe5 Nxe5 20. Bxe5 Bxe5 21. Raf1 (21. e4 $11) 21... Qe7 (21... Re8 $1 $17) 22. Rh3 (22. e4 $15) 22... Rad8 $17 23. Bd3 Qg5 24. Kh1 Kg7 25. Rhf3 Qe7 ({Black should play} 25... Rf6 $17 {Strongly threatening ...Rfd6.} 26. g3 Rd7) 26. e4 (26. g3 $11) 26... fxe4 27. Bxe4 {[#]} Rxf3 (27... Qh4 $1 $17 {[%csl Ge5][%cal Rh4h2][%mdl 512]} 28. g4 Qxg4) 28. Rxf3 $11 Qg5 {White must now prevent ...Rd2.} 29. Bd3 $1 c5 30. Qf2 Qe7 31. Re3 Qd6 32. Bc4 Rf8 33. Qe1 Bf6 34. Re6 Qf4 35. Re4 Qd6 36. Re6 Qf4 37. Re4 Qg5 38. Qe3 Qf4 $2 {[%mdl 8192]} (38... Rd8 $11 39. Qe1 Rd2) 39. Qe1 $2 (39. Rxf4 {mates} a6 40. Qxc5 b6 41. Qxb6 Be7 42. Qd4+ Bf6 43. Qa7+ Kh6 44. Rf3 $1 {[%mdl 512]}) 39... Bh4 (39... Qd6 $11) 40. g3 (40. Qxh4 $2 {[#] leads to mate.} Qf1+ $1 {[%mdl 512]} 41. Bxf1 Rxf1#) (40. Rxf4 $16 Bxe1 41. Re4) 40... Qf3+ 41. Kg1 Bg5 {Accuracy: White = 58%, Black = 58%.} 1/2-1/2